Statistics for Manchester United

Click here to take the quiz!

General Stats

  • This quiz has been taken 85 times
  • The average score is 9 of 15

Answer Stats

HintAnswer% Correct
What is their StadiumOld Trafford
97%
How many League titles have they won20
79%
Who is the ManagerOle Gunnar Solskjaer
78%
When was the last time they won the prem2013
74%
Who did they play in the 1999 Champions league finalBayern Munich
74%
Who replaced Sir Alex Ferguson as managerDavid Moyes
63%
Who scored the equaliserTeddy Sheringham
62%
What is the shirt sponsorChevrolet
53%
Sir Alex and who else has an Old Trafford stand named after themSir Bobby Charlton
52%
What city was the final heldBarcelona
51%
Who is number 2Victor Lindelof
49%
Who scored the winner in the 2016 Fa Cup finalJesse Lingard
48%
Who is number 7Alexis Sanchez
44%
Who is number 31Nemanja Matic
37%
What is the Nickname ^Theatre of Dreams
30%

Score Distribution

Percentile by Number Answered

Percent of People with Each Score

Your Score History

You have not taken this quiz